000 00306nam a2200109Ia 4500
008 210430s9999 xx 000 0 und d
082 _a530 H1571F
100 _aHalliday David,Resnick Robert
_954959
245 _aFundamentals Of Physics
_cHalliday David,Resnick Robert
260 _c1998
942 _cBK
_2ddc
999 _c565885
_d565885